000 00813nam a2200253Ia 4500
003 OSt
005 20220923222942.0
006 a|||||r|||| 00| 0
007 ta
008 220922b |||||||| |||| 00| 0 hin d
024 _a209,020
037 _cTextual
040 _aARTS
_cARTS
_bhin
041 _2hin
_ahin
082 _aO152,3N50x, N3
100 _aशुक्ल, ऋता
245 0 _aश्रेष्ठ ऑचलिक कहानियां
246 _aShreṣhṭha ऑchalik kahāniyāan
260 _aदिल्ली
_b कादम्बरी प्रका0
_c1993
300 _a160पृ.
_ccm.
650 _aहिन्दी साहित्य
_9156264
942 _hO152,3N50x, N3
_cTEXL
_2CC
999 _c359607
_d359607